[Event "Wch Rapid"]
[Site "Samarkand"]
[Date "2023.12.27"]
[Round "6"]
[White "Pranesh, M."]
[Black "Hovhannisyan, Robert"]
[Result "0-1"]
[WhiteElo "2523"]
[BlackElo "2611"]
[PlyCount "120"]
[EventDate "2023.12.26"]
[EventType "swiss (rapid)"]
[EventRounds "13"]
[EventCountry "UZB"]
[SourceTitle "CB01_2024"]
[SourceDate "2024.01.03"]
[SourceVersion "1"]
[SourceVersionDate "2024.01.03"]
[SourceQuality "1"]

1. e4 e5 2. Nf3 Nc6 3. Bb5 Nf6 4. d3 Bc5 5. Bxc6 dxc6 6. Nbd2 b6 7. Nc4 Nd7 8. 0-0 f6 9. c3 Ba6 10. Qb3 Qe7 11. Rd1 Qf7 12. Ne3 Qxb3 13. axb3 Bb7 14. d4 exd4 15. Nxd4 Nf8 16. Nef5 g6 17. b4 gxf5 18. bxc5 fxe4 19. Bh6 Kf7 20. Re1 Nd7 21. cxb6 axb6 22. Bf4 Ne5 23. Bxe5 fxe5 24. Nc2 Rhd8 25. Ne3 Ra6 26. Rxa6 Bxa6 27. Ra1 Be2 28. Ra7 Rd7 29. h4 Ke6 30. Kh2 c5 31. Ra8 Rd2 32. Re8+ Kd7 33. Rxe5 Rxb2 34. g4 h6 35. Rh5 Ra2 36. Rxh6 b5 37. g5 Bd3 38. Kg2 Ra8 39. Rh7+ Kc6 40. g6 b4 41. g7 Rg8 42. cxb4 cxb4 43. Nf5 e3 44. Ne7+ Kb7 45. Nxg8 e2 46. Nf6 e1Q 47. g8Q Qf1+ 48. Kf3 Qe2+ 49. Kg3 Bxh7 50. Nxh7 Qd3+ 51. f3 b3 52. Qg7 Qd6+ 53. Kh3 Qe6+ 54. Kg3 Qe1+ 55. Kg2 Qe2+ 56. Kh3 Qxf3+ 57. Kh2 Qf2+ 58. Kh3 b2 59. Qd7 Qf3+ 60. Kh2 b1Q 0-1

[Event "Wch Rapid"]
[Site "Samarkand"]
[Date "2023.12.26"]
[Round "3"]
[White "Hovhannisyan, Robert"]
[Black "Gaehwiler, Gabriel"]
[Result "1-0"]
[WhiteElo "2611"]
[BlackElo "2381"]
[PlyCount "109"]
[EventDate "2023.12.26"]
[EventType "swiss (rapid)"]
[EventRounds "13"]
[EventCountry "UZB"]
[SourceTitle "CB01_2024"]
[SourceDate "2024.01.03"]
[SourceVersion "1"]
[SourceVersionDate "2024.01.03"]
[SourceQuality "1"]

1. e4 c5 2. Nf3 d6 3. d4 cxd4 4. Qxd4 Nc6 5. Bb5 Bd7 6. Bxc6 bxc6 7. e5 f6 8. exd6 e5 9. Qd3 Be6 10. Nc3 Bxd6 11. Be3 Ne7 12. Ne4 Bb4+ 13. Bd2 Qxd3 14. cxd3 Rb8 15. Bxb4 Rxb4 16. b3 Bd5 17. Nfd2 Ng6 18. Nc4 Nf4 19. Kd2 Ke7 20. g3 Ne6 21. Rhe1 Rd8 22. Kc3 Rbb8 23. Re3 Kf8 24. Rf1 Nd4 25. f4 Nb5+ 26. Kb2 exf4 27. Rxf4 h6 28. Rf2 Kg8 29. Nc5 Bf7 30. Na5 Nd4 31. Nc4 Rd5 32. Na4 Rbd8 33. Nc3 R5d7 34. Ne4 Rd5 35. Nc3 R5d7 36. Na4 Rd5 37. Nc3 R5d7 38. Na5 Bg6 39. Rf4 Nf5 40. Rxf5 Bxf5 41. Nxc6 Rxd3 42. Ne7+ Kf8 43. Nxf5 Rxe3 44. Nxe3 Rd2+ 45. Nc2 Rxh2 46. b4 Rg2 47. Nb5 Rxg3 48. Nxa7 Ke7 49. b5 Kd6 50. b6 Rg2 51. a4 h5 52. a5 h4 53. a6 h3 54. b7 Kc7 55. Nc6 1-0

[Event "Fagernes Autumn op"]
[Site "Fagernes"]
[Date "2023.10.15"]
[Round "9"]
[White "Harsh, Suresh"]
[Black "Hovhannisyan, Robert"]
[Result "1/2-1/2"]
[WhiteElo "2336"]
[BlackElo "2616"]
[PlyCount "98"]
[EventDate "2023.10.08"]
[EventType "swiss"]
[EventRounds "9"]
[EventCountry "NOR"]
[SourceTitle "Mega2024 Update 01"]
[Source "Chessbase"]
[SourceDate "2023.11.12"]
[SourceVersion "1"]
[SourceVersionDate "2023.11.12"]
[SourceQuality "1"]

1. d4 Nf6 2. c4 e6 3. g3 Bb4+ 4. Nd2 0-0 5. Bg2 d5 6. Ngf3 b6 7. a3 Be7 8. cxd5 exd5 9. 0-0 Bb7 10. Nb1 Nbd7 11. Nc3 Re8 12. Qc2 Nf8 13. Rd1 Ne6 14. Ng5 Nxg5 15. Bxg5 h6 16. Bxf6 Bxf6 17. e3 c6 18. Ne2 a5 19. Nf4 Qd6 20. Rac1 Be7 21. Nd3 Qd8 22. Ne5 Rc8 23. Qf5 Bf6 24. Ng4 Re6 25. b4 axb4 26. axb4 Ba6 27. Bf1 Bxf1 28. Rxf1 g6 29. Nxf6+ Rxf6 30. Qd3 b5 31. Ra1 Qe7 32. Qc3 Kg7 33. Ra2 Qe6 34. Rfa1 g5 35. Qc2 h5 36. Qe2 Rh6 37. Ra8 Rxa8 38. Rxa8 h4 39. Qf3 Qg6 40. h3 Qb1+ 41. Kg2 hxg3 42. Qxg3 Qe4+ 43. Kg1 g4 44. h4 Qe7 45. Rc8 Qf6 46. Kg2 Kh7 47. Qe5 Qf3+ 48. Kg1 Qd1+ 49. Kg2 Qf3+ 1/2-1/2

[Event "Fagernes Autumn op"]
[Site "Fagernes"]
[Date "2023.10.13"]
[Round "7"]
[White "Mitrabha, Guha"]
[Black "Hovhannisyan, Robert"]
[Result "1/2-1/2"]
[WhiteElo "2512"]
[BlackElo "2616"]
[PlyCount "257"]
[EventDate "2023.10.08"]
[EventType "swiss"]
[EventRounds "9"]
[EventCountry "NOR"]
[SourceTitle "Mega2024 Update 01"]
[Source "Chessbase"]
[SourceDate "2023.11.12"]
[SourceVersion "1"]
[SourceVersionDate "2023.11.12"]
[SourceQuality "1"]

1. d4 d5 2. c4 e6 3. Nf3 Nf6 4. g3 Bb4+ 5. Bd2 a5 6. Bg2 dxc4 7. a3 Bxd2+ 8. Nbxd2 b5 9. b3 cxb3 10. Qxb3 c6 11. 0-0 0-0 12. Rfc1 Nbd7 13. Rxc6 Rb8 14. Qd3 Rb6 15. Ne5 Nxe5 16. dxe5 Rxc6 17. Bxc6 Ng4 18. Qxd8 Rxd8 19. Nf3 Ba6 20. Rb1 Rb8 21. h3 Nh6 22. Nd4 Nf5 23. Nb3 Rc8 24. Nxa5 Nd4 25. Be4 Rc5 26. Bf3 Rc3 27. Rd1 Nxf3+ 28. exf3 g5 29. Rd6 Rxa3 30. Rxa6 b4 31. Kg2 b3 32. f4 gxf4 33. gxf4 Kg7 34. Rb6 Rxa5 35. Rxb3 Kg6 36. Rg3+ Kf5 37. Rg7 Kxf4 38. Rxh7 Ra7 39. Rh5 Ra8 40. h4 Rg8+ 41. Kf1 Rg7 42. Ke2 Ke4 43. Rh8 Kxe5 44. Kf3 Rg1 45. Rh5+ Kf6 46. Kf4 Kg6 47. Re5 Ra1 48. Rg5+ Kf6 49. f3 Rh1 50. Rh5 Kg6 51. Rh8 Kg7 52. Ra8 Rxh4+ 53. Ke5 Rb4 54. Rc8 Ra4 55. Rb8 Ra3 56. Kf4 Ra2 57. Kg4 Kf6 58. Rb5 Rg2+ 59. Kf4 Re2 60. Kg4 Re5 61. Rb8 Rd5 62. f4 Rd3 63. Rb5 Kg7 64. Rg5+ Kf8 65. Ra5 Kg7 66. Rg5+ Kf6 67. Rb5 Ra3 68. Rc5 Ra1 69. Rb5 Rd1 70. Ra5 Rd5 71. Ra8 Kg7 72. Rb8 Rd3 73. Rb7 Ra3 74. Rc7 Ra5 75. Rc8 Kh6 76. Rh8+ Kg6 77. Rg8+ Kf6 78. Rb8 Ra1 79. Rb5 Rg1+ 80. Kf3 Rd1 81. Kg4 Rd5 82. Rb8 Ke7 83. Rb7+ Rd7 84. Rb8 Ra7 85. Kg5 Ra4 86. Rb7+ Kf8 87. Rb5 Rd4 88. Kg4 f6 89. Kf3 Kf7 90. Rb6 Rd3+ 91. Ke4 Rd7 92. Ra6 Rb7 93. Kf3 Rb3+ 94. Kf2 Rc3 95. Rb6 Ra3 96. Ke2 Ra1 97. Kf2 Rh1 98. Ra6 Rh3 99. Rb6 Rd3 100. Ke2 Ra3 101. Kf2 f5 102. Ke2 Ke7 103. Kf2 Rc3 104. Ra6 Kd7 105. Ke2 Rc6 106. Ra4 Kd6 107. Ra3 Kd5 108. Ke3 Rc1 109. Ra5+ Rc5 110. Ra3 Rb5 111. Kd3 Kc5 112. Rc3+ Kd6 113. Ra3 Kd5 114. Ke3 Rb1 115. Ra5+ Kc4 116. Ra4+ Kb5 117. Ra3 Rh1 118. Kf2 Rh2+ 119. Kg3 Rc2 120. Re3 Rc6 121. Re5+ Kb6 122. Kh4 Kc7 123. Kg5 Kd7 124. Kf6 Rd6 125. Re1 e5+ 126. Kxf5 exf4 127. Kxf4 Re6 128. Re3 Rxe3 129. Kxe3 1/2-1/2

[Event "Fagernes Autumn op"]
[Site "Fagernes"]
[Date "2023.10.12"]
[Round "6"]
[White "Hovhannisyan, Robert"]
[Black "Mitusov, Semen"]
[Result "1-0"]
[WhiteElo "2616"]
[BlackElo "2468"]
[PlyCount "117"]
[EventDate "2023.10.08"]
[EventType "swiss"]
[EventRounds "9"]
[EventCountry "NOR"]
[SourceTitle "Mega2024 Update 01"]
[Source "Chessbase"]
[SourceDate "2023.11.12"]
[SourceVersion "1"]
[SourceVersionDate "2023.11.12"]
[SourceQuality "1"]

1. e4 e5 2. Nf3 Nc6 3. Nc3 Nf6 4. Bb5 Nd4 5. Nxd4 exd4 6. e5 dxc3 7. exf6 Qxf6 8. dxc3 Bc5 9. Qe2+ Qe7 10. a4 Qxe2+ 11. Kxe2 a5 12. h4 0-0 13. h5 Re8+ 14. Kf3 h6 15. Bf4 c6 16. Bd3 d6 17. g4 Be6 18. Kg3 Bd5 19. Rhe1 f6 20. Bd2 Bf7 21. b4 Bb6 22. Rxe8+ Rxe8 23. Rb1 Re7 24. Bf4 d5 25. Kf3 axb4 26. cxb4 Bd4 27. Bg6 Bc3 28. b5 d4 29. Bxf7+ Kxf7 30. Bd6 Rd7 31. bxc6 bxc6 32. Bc5 d3 33. cxd3 Rxd3+ 34. Be3 Ba5 35. Rb7+ Kg8 36. Ra7 Bb4 37. Ke4 Ra3 38. Ra6 c5 39. Kd5 Ra2 40. Bxc5 Bxc5 41. Kxc5 Rxf2 42. Rd6 Rc2+ 43. Kb6 Rb2+ 44. Kc7 Ra2 45. Rd4 Kf7 46. Kb6 g5 47. a5 Ke6 48. a6 f5 49. gxf5+ Kxf5 50. a7 Rxa7 51. Kxa7 g4 52. Rd5+ Kf4 53. Kb6 g3 54. Rd6 g2 55. Rg6 Kf3 56. Kc5 Kf2 57. Kd5 g1Q 58. Rxg1 Kxg1 59. Ke5 1-0

[Event "Fagernes Autumn op"]
[Site "Fagernes"]
[Date "2023.10.11"]
[Round "5"]
[White "Hovhannisyan, Robert"]
[Black "Abdrlauf, Elham"]
[Result "1/2-1/2"]
[WhiteElo "2616"]
[BlackElo "2568"]
[PlyCount "108"]
[EventDate "2023.10.08"]
[EventType "swiss"]
[EventRounds "9"]
[EventCountry "NOR"]
[SourceTitle "Mega2024 Update 01"]
[Source "Chessbase"]
[SourceDate "2023.11.12"]
[SourceVersion "1"]
[SourceVersionDate "2023.11.12"]
[SourceQuality "1"]

1. e4 c6 2. d4 d5 3. e5 c5 4. dxc5 e6 5. c3 Nd7 6. Nf3 Bxc5 7. Nbd2 Ne7 8. Nb3 Bb6 9. Bd3 Nc6 10. Bf4 Qc7 11. 0-0 f6 12. Nbd4 Ndxe5 13. Nxc6 Nxf3+ 14. Qxf3 Qxc6 15. c4 0-0 16. cxd5 Qxd5 17. Be4 Qd7 18. Rfd1 Qf7 19. Rac1 Kh8 20. Bd6 Re8 21. Qh3 f5 22. Bf3 e5 23. Bh5 g6 24. Be2 Bd7 25. Bc4 Qg7 26. Qb3 Bc6 27. Bf7 Ba4 28. Qxa4 Qxf7 29. Bc5 Bxc5 30. Rxc5 Re7 31. h4 b6 32. Rcd5 Rae8 33. b3 Kg7 34. Rd6 f4 35. f3 Qf5 36. Rd7 Qc2 37. Qa3 Kf7 38. R1d2 Qf5 39. Qa4 Qb1+ 40. Rd1 Qc2 41. Qb5 Qf5 42. Qc4+ Qe6 43. Qa4 e4 44. Rxa7 Qf6 45. Rxe7+ Rxe7 46. Rd4 e3 47. Rxf4 e2 48. Rxf6+ Kxf6 49. Qc6+ Kf7 50. Qd5+ Kg7 51. Qd4+ Kf7 52. Qc4+ Kf8 53. Qc8+ Kf7 54. Qc4+ Kf8 1/2-1/2

[Event "Fagernes Autumn op"]
[Site "Fagernes"]
[Date "2023.10.10"]
[Round "3"]
[White "Carlsson, Ludvig"]
[Black "Hovhannisyan, Robert"]
[Result "0-1"]
[WhiteElo "2356"]
[BlackElo "2616"]
[PlyCount "116"]
[EventDate "2023.10.08"]
[EventType "swiss"]
[EventRounds "9"]
[EventCountry "NOR"]
[SourceTitle "Mega2024 Update 01"]
[Source "Chessbase"]
[SourceDate "2023.11.12"]
[SourceVersion "1"]
[SourceVersionDate "2023.11.12"]
[SourceQuality "1"]

1. e4 c6 2. d4 d5 3. exd5 cxd5 4. Bd3 Nf6 5. h3 g6 6. Nf3 Bf5 7. 0-0 Bxd3 8. Qxd3 Qc7 9. Re1 e6 10. c3 Nbd7 11. Be3 Bd6 12. Nbd2 0-0 13. a4 Rac8 14. a5 a6 15. Bg5 Nh5 16. Qe3 Rfe8 17. Qd3 Nf4 18. Bxf4 Bxf4 19. Re2 Qc6 20. Ra3 Bd6 21. Ra2 Qb5 22. Ne1 Nb8 23. Qxb5 axb5 24. Nd3 b4 25. cxb4 Nc6 26. Nf3 Nxb4 27. Nxb4 Bxb4 28. Ra4 Rc1+ 29. Kh2 Bd6+ 30. g3 Ra8 31. b3 Rb1 32. Re3 Bc7 33. Ne5 Rxa5 34. Rxa5 Bxa5 35. Rf3 f5 36. Re3 Bc7 37. Nf3 f4 38. Rxe6 fxg3+ 39. fxg3 Rb2+ 40. Kh1 Rxb3 41. Ne5 Kf8 42. Kg2 Rb4 43. Rf6+ Ke8 44. Re6+ Kd8 45. Ng4 Kd7 46. Re3 Rxd4 47. Nf6+ Kc6 48. Nxh7 Bd6 49. Re6 b5 50. Nf6 b4 51. Ne8 b3 52. Rxd6+ Kc5 53. Rd8 b2 54. Rc8+ Kb4 55. Nc7 Kb3 56. Ne6 Rc4 57. Rb8+ Rb4 58. Nc5+ Kc4 0-1

[Event "Fagernes Autumn op"]
[Site "Fagernes"]
[Date "2023.10.09"]
[Round "2"]
[White "Hovhannisyan, Robert"]
[Black "Gomez Aguirre, Juan Alberto"]
[Result "1-0"]
[WhiteElo "2616"]
[BlackElo "2065"]
[PlyCount "107"]
[EventDate "2023.10.08"]
[EventType "swiss"]
[EventRounds "9"]
[EventCountry "NOR"]
[SourceTitle "Mega2024 Update 01"]
[Source "Chessbase"]
[SourceDate "2023.11.12"]
[SourceVersion "1"]
[SourceVersionDate "2023.11.12"]
[SourceQuality "1"]

1. e4 c5 2. Nf3 Nc6 3. d4 cxd4 4. Nxd4 Nf6 5. Nc3 e6 6. Ndb5 Bb4 7. a3 Bxc3+ 8. Nxc3 d5 9. Bd3 dxe4 10. Nxe4 Nxe4 11. Bxe4 Qxd1+ 12. Kxd1 Bd7 13. f3 0-0-0 14. Ke1 f5 15. Bd3 e5 16. Kf2 Rhf8 17. Rd1 e4 18. Bf1 Be6 19. Bf4 Rfe8 20. Rxd8+ Nxd8 21. fxe4 fxe4 22. Re1 Bf5 23. Re3 Nc6 24. Rc3 Kd7 25. Be2 Rc8 26. Ke3 Ne7 27. Rxc8 Kxc8 28. c4 Nc6 29. g4 Bg6 30. h4 h6 31. c5 Kd7 32. Bc4 h5 33. gxh5 Bxh5 34. Kxe4 Bg6+ 35. Ke3 Ne7 36. Bb8 Nc6 37. Bg3 Bf5 38. b4 a6 39. Bd5 Be6 40. Be4 Ke7 41. Be1 Kf7 42. Bc3 Bc4 43. a4 Bf1 44. Bd5+ Kg6 45. Be6 Nd8 46. Bd7 Bc4 47. Ke4 Kf7 48. b5 axb5 49. axb5 Ke7 50. c6 bxc6 51. bxc6 Ne6 52. Ke5 Nc7 53. Bb4+ Kf7 54. Ba5 1-0

[Event "SRB-chT Premier"]
[Site "Bajina Basta"]
[Date "2023.09.25"]
[Round "8.3"]
[White "Alexakis, Dimitris"]
[Black "Hovhannisyan, Robert"]
[Result "0-1"]
[WhiteElo "2460"]
[BlackElo "2601"]
[PlyCount "138"]
[EventDate "2023.09.18"]
[EventType "team-tourn"]
[EventRounds "11"]
[EventCountry "SRB"]
[SourceTitle "EXT 2024"]
[Source "ChessBase"]
[SourceDate "2023.10.10"]
[SourceVersion "1"]
[SourceVersionDate "2023.10.10"]
[SourceQuality "1"]
[WhiteTeam "Belgrade Crvena Zvezda"]
[BlackTeam "Elemir Naftagas"]
[WhiteTeamCountry "SRB"]
[BlackTeamCountry "SRB"]

1. e4 e5 2. Nf3 Nc6 3. Nc3 Nf6 4. d4 exd4 5. Nxd4 Bb4 6. Nxc6 bxc6 7. Bd3 d5 8. exd5 0-0 9. 0-0 cxd5 10. h3 c6 11. Qf3 Bd6 12. Bf4 Qc7 13. Ne2 Re8 14. c4 Bxf4 15. Nxf4 dxc4 16. Bxc4 Re4 17. Nd5 cxd5 18. Bxd5 Bb7 19. Bxe4 Bxe4 20. Qe3 h6 21. b4 Bd5 22. f3 Be6 23. Kh1 Nd5 24. Qd2 Rd8 25. Rad1 Rd7 26. Rc1 Qd8 27. a3 g5 28. Qe1 Nf4 29. Rc2 Bb3 30. Rc3 Be6 31. Rc2 Rd3 32. Qf2 Rxa3 33. Rd2 Qb6 34. Qg3 Qxb4 35. Rfd1 Kh7 36. Qf2 a5 37. Rd4 Ra2 38. Qe3 Qb7 39. R1d2 Ra1+ 40. Kh2 Qb1 41. Rd1 Qxd1 42. Rxd1 Rxd1 43. h4 Rd5 44. hxg5 hxg5 45. g3 Ng6 46. Qe4 Re5 47. Qd4 Rf5 48. Qe4 Kh6 49. Kg2 Kg7 50. Qd4+ Kh7 51. Qe4 Kh6 52. Kh1 Re5 53. Qd3 a4 54. Qa3 Re1+ 55. Kg2 Re2+ 56. Kg1 Bb3 57. Qd6 Re6 58. Qc5 Re5 59. Qd6 Rd5 60. Qb4 Rd3 61. Kg2 g4 62. Kg1 gxf3 63. Kf2 Kh7 64. Qb5 Rd5 65. Qb4 Ne5 66. Qh4+ Kg6 67. Qh8 Rd2+ 68. Ke3 Rd3+ 69. Ke4 f6 0-1

[Event "SRB-chT Premier"]
[Site "Bajina Basta"]
[Date "2023.09.24"]
[Round "7.4"]
[White "Hovhannisyan, Robert"]
[Black "Kadric, Denis"]
[Result "1-0"]
[WhiteElo "2601"]
[BlackElo "2586"]
[PlyCount "101"]
[EventDate "2023.09.18"]
[EventType "team-tourn"]
[EventRounds "11"]
[EventCountry "SRB"]
[SourceTitle "EXT 2024"]
[Source "ChessBase"]
[SourceDate "2023.10.10"]
[SourceVersion "1"]
[SourceVersionDate "2023.10.10"]
[SourceQuality "1"]
[WhiteTeam "Elemir Naftagas"]
[BlackTeam "Belgrade Zmaj"]
[WhiteTeamCountry "SRB"]
[BlackTeamCountry "SRB"]

1. e4 e5 2. Nf3 Nf6 3. Nxe5 d6 4. Nf3 Nxe4 5. Qe2 Qe7 6. Nc3 Nxc3 7. dxc3 Qxe2+ 8. Bxe2 g6 9. Nd4 Bg7 10. Nb5 Kd8 11. Bg5+ f6 12. Be3 Nc6 13. 0-0-0 a6 14. Nd4 Nxd4 15. Bxd4 Re8 16. Bf3 Rb8 17. h4 h5 18. a4 Bd7 19. a5 Bc6 20. Rh3 Ke7 21. c4 Kf7 22. Bd5+ Bxd5 23. cxd5 c5 24. dxc6 bxc6 25. Bb6 Bf8 26. Bc7 Rb5 27. Bxd6 Rxa5 28. Bxf8 Kxf8 29. Rd6 Kf7 30. Rxc6 Rf5 31. Rc7+ Kf8 32. b3 Rxf2 33. Rg3 Re4 34. Rxg6 Rxh4 35. Rgg7 Rg4 36. Rgd7 Re4 37. g3 Rf3 38. Rh7 Kg8 39. Rcg7+ Kf8 40. Ra7 Kg8 41. Rhc7 Kf8 42. Rf7+ Kg8 43. Rg7+ Kh8 44. Kb2 Re6 45. Rh7+ Kg8 46. Rhc7 Kf8 47. Ra8+ Re8 48. Rxa6 Re7 49. Ra8+ Kf7 50. Raa7 Rxc7 51. Rxc7+ 1-0

[Event "SRB-chT Premier"]
[Site "Bajina Basta"]
[Date "2023.09.22"]
[Round "5.3"]
[White "Hovhannisyan, Robert"]
[Black "Nikitenko, Mihail"]
[Result "1-0"]
[WhiteElo "2601"]
[BlackElo "2521"]
[PlyCount "103"]
[EventDate "2023.09.18"]
[EventType "team-tourn"]
[EventRounds "11"]
[EventCountry "SRB"]
[SourceTitle "EXT 2024"]
[Source "ChessBase"]
[SourceDate "2023.10.10"]
[SourceVersion "1"]
[SourceVersionDate "2023.10.10"]
[SourceQuality "1"]
[WhiteTeam "Elemir Naftagas"]
[BlackTeam "Kac Jugovic"]
[WhiteTeamCountry "SRB"]
[BlackTeamCountry "SRB"]

1. e4 c5 2. Nf3 g6 3. d4 cxd4 4. Qxd4 Nf6 5. Nc3 Nc6 6. Qa4 d6 7. e5 dxe5 8. Nxe5 Bg7 9. Bb5 0-0 10. Nxc6 bxc6 11. Bxc6 Bd7 12. 0-0 Rc8 13. Bxd7 Qxd7 14. Qxd7 Nxd7 15. Nd5 Rxc2 16. Nxe7+ Kh8 17. Rd1 Nb6 18. Rb1 Re8 19. Be3 h5 20. Nd5 Nxd5 21. Rxd5 Rxb2 22. Rxb2 Bxb2 23. Ra5 Rd8 24. g3 Bd4 25. Bxd4+ Rxd4 26. Rxa7 Kg7 27. h4 Rd2 28. Kg2 Rb2 29. Kf3 Kf6 30. Ke3 Kg7 31. Ra6 Rc2 32. a4 Rc3+ 33. Ke4 Rc2 34. Ke3 Rc3+ 35. Kd2 Rf3 36. Ke2 Ra3 37. a5 Kf8 38. Ra7 Kg7 39. a6 Kf6 40. Kd2 Rf3 41. Rc7 Rxf2+ 42. Kc3 Ra2 43. a7 Ke6 44. Kb4 f6 45. Kb5 Rb2+ 46. Kc6 Ra2 47. Kb7 Rb2+ 48. Kc8 Ra2 49. Kb8 Kf5 50. Rc4 Rb2+ 51. Kc7 Ra2 52. Kb6 1-0

[Event "Titled Tuesday intern op 01st Aug Early"]
[Site "Chess.com INT"]
[Date "2023.08.01"]
[Round "4"]
[White "Hovhannisyan, Robert"]
[Black "Tristan, Leonardo"]
[Result "0-1"]
[WhiteElo "2601"]
[BlackElo "2526"]
[PlyCount "126"]
[EventDate "2023.08.01"]
[EventType "swiss (blitz)"]
[EventRounds "11"]
[EventCountry "USA"]
[SourceTitle "EXT 2024"]
[Source "ChessBase"]
[SourceDate "2023.10.10"]
[SourceVersion "1"]
[SourceVersionDate "2023.10.10"]
[SourceQuality "1"]

1. e4 d5 2. exd5 Qxd5 3. Nf3 Bg4 4. Nc3 Qe6+ 5. Qe2 Qxe2+ 6. Bxe2 Nc6 7. h3 Bh5 8. g4 Bg6 9. Bb5 e6 10. Ne5 Nge7 11. d3 f6 12. Nxc6 Nxc6 13. Bxc6+ bxc6 14. Be3 h5 15. g5 h4 16. Rg1 Bf5 17. Rh1 Bd6 18. Ne4 Be7 19. 0-0-0 a5 20. f4 a4 21. Rde1 Kf7 22. Rh2 a3 23. b3 Bxe4 24. dxe4 fxg5 25. fxg5 Ra5 26. Rg2 Kg6 27. Bd2 Rc5 28. Kb1 Rh5 29. Bb4 Rcxg5 30. Rxg5+ Bxg5 31. Bxa3 Bd2 32. Rg1+ Kf6 33. Bb2+ e5 34. a4 Be3 35. Rf1+ Ke6 36. Rf3 Bf4 37. a5 g5 38. Ba3 Rh8 39. Bc5 g4 40. hxg4 h3 41. Rf1 h2 42. Rh1 Kd7 43. b4 Rg8 44. a6 Kc8 45. Kb2 Rxg4 46. Ra1 Kb8 47. Rd1 Rg8 48. Kb3 Rh8 49. a7+ Kb7 50. c4 h1Q 51. Rxh1 Rxh1 52. b5 cxb5 53. cxb5 Be3 54. Bxe3 Rh3 55. Kc4 Rxe3 56. Kd5 Rb3 57. Kxe5 Rxb5+ 58. Kf6 Kxa7 59. e5 c5 60. e6 c4 61. e7 Rb6+ 62. Kf5 Rb8 63. e8Q Rxe8 0-1

[Event "Titled Tuesday intern op 01st Aug Early"]
[Site "Chess.com INT"]
[Date "2023.08.01"]
[Round "5"]
[White "Zeynalov, Rashad"]
[Black "Hovhannisyan, Robert"]
[Result "0-1"]
[WhiteElo "2194"]
[BlackElo "2601"]
[PlyCount "46"]
[EventDate "2023.08.01"]
[EventType "swiss (blitz)"]
[EventRounds "11"]
[EventCountry "USA"]
[SourceTitle "EXT 2024"]
[Source "ChessBase"]
[SourceDate "2023.10.10"]
[SourceVersion "1"]
[SourceVersionDate "2023.10.10"]
[SourceQuality "1"]

1. e4 e5 2. Nf3 Nc6 3. Bc4 Bc5 4. c3 Nf6 5. d4 exd4 6. e5 d5 7. Bb5 Ne4 8. cxd4 Bb6 9. Nc3 0-0 10. Be3 Bg4 11. h3 Bh5 12. Qc2 Ba5 13. 0-0 Bxf3 14. gxf3 Ng5 15. Kg2 Ne6 16. Rad1 Bxc3 17. bxc3 f5 18. f4 Qh4 19. Bxc6 bxc6 20. Qd2 g5 21. f3 gxf4 22. Bf2 Qh5 23. Kh2 Ng5 0-1

[Event "Titled Tuesday intern op 25th Jul Early"]
[Site "Chess.com INT"]
[Date "2023.07.25"]
[Round "4"]
[White "Hovhannisyan, Robert"]
[Black "Tsaruk, Maksim"]
[Result "1-0"]
[WhiteElo "2607"]
[BlackElo "2393"]
[PlyCount "125"]
[EventDate "2023.07.25"]
[EventType "swiss (blitz)"]
[EventRounds "11"]
[EventCountry "USA"]
[SourceTitle "EXT 2024"]
[Source "ChessBase"]
[SourceDate "2023.10.10"]
[SourceVersion "1"]
[SourceVersionDate "2023.10.10"]
[SourceQuality "1"]

1. e4 e5 2. Nc3 Nf6 3. Bc4 Nxe4 4. Qh5 Nd6 5. Qxe5+ Qe7 6. Qxe7+ Bxe7 7. Be2 c6 8. d4 Nf5 9. d5 Bf6 10. Nf3 0-0 11. Ne4 Bd8 12. 0-0 cxd5 13. Nc3 d4 14. Nb5 Nc6 15. Bd3 d5 16. Bxf5 Bxf5 17. Nfxd4 Bg6 18. Be3 Bf6 19. c3 Ne5 20. Nd6 Nc4 21. Nxc4 dxc4 22. Rfe1 Rfd8 23. a4 Rd5 24. Ne2 Bc2 25. a5 a6 26. Bd4 Bg5 27. Be3 Bd8 28. Bb6 Bxb6 29. axb6 Rd6 30. Nd4 Bd3 31. Re3 Rxb6 32. b4 h6 33. g4 Kh7 34. Kg2 Rf6 35. Kg3 g5 36. Ra5 b6 37. Ra3 a5 38. Re1 Kg7 39. Rea1 Rb8 40. bxa5 bxa5 41. f3 Rb2 42. Rxa5 Kg6 43. R5a2 Rbb6 44. Ra5 h5 45. gxh5+ Kxh5 46. h4 Rg6 47. Rh1 Rb1 48. Rxb1 Bxb1 49. f4 f6 50. hxg5 fxg5 51. Nf3 Kh6 52. Nxg5 Re6 53. Nxe6 Kg6 54. Nd4 Kf6 55. Rc5 Bd3 56. Re5 Kf7 57. Kf3 Kf6 58. Ke3 Kf7 59. Rc5 Bf1 60. Nb5 Bd3 61. Na3 Kf6 62. Nxc4 Bxc4 63. Rxc4 1-0